00635 2200241 4500001002100000005001700021008004100038020001800079035002500097040001200122082001400134084001800148100001400166245006500180250001100245260003100256300003100287650001200318700001500330850001200345990001800357990001800375INLIS00000000001226120150909145704.0  a979-963-995-6 a0010-091500000000774 aYOPDYOG 223a641.5 aT 641.5 Ruh S aRUHANIYAH aSambal holicb: Pedas gila!c/ Ruhaniyah; Editor, Zhairy Ali aCet. 1 aJogjakartabEkspresic2009 a82 hlm.b: ilus.c; 24 cm. aMasakan aZHAIRY Ali aYOPDYOG a50483-PD/A.15 a50484-PD/A.15